000 00605nam a22001817a 4500
003 OSt
005 20260312123209.0
008 260312b |||||||| |||| 00| 0 eng d
010 _a2015048349
020 _a9781101979921
040 _cPORTFOLIO / PENGUIN
050 _aHD 9397 .G72 2016
_b.G72 2016
245 _aBUSINESS FOR PUNKS :
_bBREAL ALL THE ULES- THE BREWDOG WAY/
_cWatt , JAMES
250 _a1ST EDITION
260 _aNewYork:
_bPortfolio / Penguin,
_c2016
300 _axi, 239 pages,
_bhardcover, includes bibliographic reference and index,
_cill . : col, 21.5cm,
942 _2lcc
_cBK
_e1st ed.
_n0
999 _c9976
_d9976